MARC

LEADER 00000nam0a2200000 4500
001 135196
005 20231031140001.0
010 |a 5265002529 
020 |a RU  |b 88-48993 
035 |a (RuTPU)RU\TPU\book\146529 
090 |a 135196 
100 |a 20080408d1988 m y0rusy5003 ca 
101 0 |a rus 
102 |a RU 
105 |a a z 000ay 
200 1 |a Град Петра  |e роман  |f В. Н. Дружинин  |g худож. Р. М. Яхнин 
210 |a Ленинград  |c Советский писатель  |c Ленингр. отд-ние  |d 1988 
215 |a 494,[2] с.  |c ил.  |d 21 см 
600 0 |a Петр Великий  |d I  |f 1672-1725  |c российский царь из династии Романовых (1682-1725)  |c первый российский император  |2 stltpush  |3 (RuTPU)RU\TPU\pers\365 
610 1 |a 18 в. 
610 1 |a Россия 
610 1 |a романы 
610 1 |a Петербург 
610 1 |a художественная литература 
610 1 |a исторические романы 
675 |a Р2  |z rus 
700 1 |a Дружинин  |b В. Н.  |g Владимир Николаевич  |4 070 
702 1 |a Яхнин  |b Р. М.  |4 440 
801 0 |a RU  |b RuMRKP  |c 19950417  |g psbo 
801 1 |a RU  |b 63413507  |c 20080408  |g PSBO 
801 2 |a RU  |b 63413507  |c 20151105  |g PSBO 
942 |c BK